Der sogenannte référé législatif. Eeine Untersuchung zum Verhältnis Gesetzgeber, Gesetz und Richteramt seit dem 18. Jahrhundert.

Guardado en:
Detalles Bibliográficos
Autor principal: Miersch, Matthias (Autor)
Formato: Libro
Publicado: Baden-Baden, Deutschland: Nomos, 1999.
Colección:Fundamenta Juridica, 36.
Materias:
Etiquetas: Agregar Etiqueta
Sin Etiquetas, Sea el primero en etiquetar este registro!

MARC

LEADER 00000nam a22000007a 4500
003 CL-VaPUC
005 20220822114847.0
008 220809t1999 ||||| |||| 00| 0 eng d
999 |c 438187  |d 438185 
020 |a 3-7890-6708-3 
040 |c Pontificia Universidad Católica de Valparaíso 
082 7 |a 340.11 MIE 1999  |2 22 
100 1 |a Miersch, Matthias  |e author  |9 875216 
245 |a  Der sogenannte référé législatif.  |b Eeine Untersuchung zum Verhältnis Gesetzgeber, Gesetz und Richteramt seit dem 18. Jahrhundert. 
260 |a Baden-Baden, Deutschland:  |b Nomos,   |c 1999. 
300 |a 323 páginas. 
490 |a Fundamenta Juridica,   |n    |v  36. 
500 |a c.1 Donación Familia Prof. Alejandro Guzmán Brito. 
583 |c 20220809  |k Cristina María Rojas Aguilar 
650 |a Derecho   |z Alemania   |x Historia   |9 874821 
650 |a Procesos judiciales   |z Alemania   |x Historia   |9 875217 
942 |2 ddc  |c BK  |n 0 
952 |0 0  |1 0  |2 ddc  |4 0  |6 340_110000000000000_MIE_1999  |7 1  |8 C_AGB  |9 586066  |a BIBDER  |b BIBDER  |d 2022-08-09  |e Donación   |i 5654030  |o 340.11 MIE 1999  |p 5654030  |r 2023-01-25  |t 1  |w 2022-08-09  |y BK_US  |k AGB